Statystyki dla Napisz Te Europejskie Kraje Od Tyłu

Kliknij tutaj aby rozwiązać quiz!

Ogólne statystyki

  • Ten quiz został rozwiązany 141 razy
  • Średni wynik to 9 z 10

Statystyki odpowiedzi

NormalneNapisz Od Tyłu% Poprawnych
FrancjaajcnarF
100%
PolskaaksloP
100%
EstoniaainotsE
98%
MacedoniaainodecaM
95%
SzwecjaajcewzS
95%
MaltaatlaM
95%
BelgiaaigleB
92%
WłochyyhcołW
92%
IrlandiaaidnalrI
89%
NiemcyycmieN
42%

Rozkład punktacji

Percentyl według liczby udzielonych odpowiedzi

Procent ludzi z każdym wynikiem

Twoja historia wyników

Nie rozwiązałeś tego quizu